Central Library OPAC University of Rajshahi

Engineering materials : (Record no. 53616)

MARC details
000 -LEADER
fixed length control field 00754nam a2200253 a 4500
001 - CONTROL NUMBER
control field 53616
003 - CONTROL NUMBER IDENTIFIER
rucl marc code BD-RjUL
005 - DATE AND TIME OF LATEST TRANSACTION
control field 20211209080006.0
008 - FIXED-LENGTH DATA ELEMENTS--GENERAL INFORMATION
fixed length control field 161018s2007 ii ||||| |||| 00| 0 eng d
020 ## - INTERNATIONAL STANDARD BOOK NUMBER
International Standard Book Number 9788120324480
035 ## - SYSTEM CONTROL NUMBER
System control number (BD-RjUL) 53738
040 ## - CATALOGING SOURCE
Original cataloging agency BD-RjUL
Language of cataloging eng
Transcribing agency BD-RjUL
041 ## - LANGUAGE CODE
Language code of text/sound track or separate title eng
082 ## - DEWEY DECIMAL CLASSIFICATION NUMBER
Edition number 23
Classification number 620.112
Author mark and year SHE 2007
100 1# - MAIN ENTRY--PERSONAL NAME
Personal name Sharma, C. P.
9 (RLIN) 160233
245 10 - TITLE STATEMENT
Title Engineering materials :
Remainder of title properties and applications of metals and alloys /
Statement of responsibility, etc. C. P.Sharma,
260 ## - PUBLICATION, DISTRIBUTION, ETC. (IMPRINT)
Place of publication, distribution, etc. New Delhi :
Name of publisher, distributor, etc. Prentice-Hall of India,
Date of publication, distribution, etc. c2004[Printing 2007]
300 ## - PHYSICAL DESCRIPTION
Pagination xiii, 258 p. :
Illustrations ill. ;
Size 24 cm
500 ## - GENERAL NOTE
General note Includes Index
650 ## - SUBJECT ADDED ENTRY--TOPICAL TERM
Topical term or geographic name as entry element Materials
9 (RLIN) 160234
Topical term or geographic name as entry element Alloys
9 (RLIN) 160235
Topical term or geographic name as entry element Metals
9 (RLIN) 160236
942 ## - ADDED ENTRY ELEMENTS (KOHA)
Source of classification or shelving scheme Dewey Decimal Classification
Koha item type Books
Holdings
Lost status Source of classification or shelving scheme Damaged status Not for loan Collection code Permanent Location Current Location Shelving location Date acquired Source of acquisition Cost, normal purchase price Total Checkouts Full call number Date last seen Copy number Koha item type
  Dewey Decimal Classification     Non-fiction Central Library, University of Rajshahi Central Library, University of Rajshahi   15/10/2009 Dhaka,Paragon Enterprise Lit., 859.95   620.112 SHE 2007 18/10/2016 C-2 Books
  Dewey Decimal Classification   Not For Loan Non-fiction Central Library, University of Rajshahi Central Library, University of Rajshahi Reading Room 15/10/2009 Dhaka Ahsania Mission Book House 895.95   620.112 SHE 2007 26/12/2016 C-1 Books
  Dewey Decimal Classification     Non-fiction Central Library, University of Rajshahi Central Library, University of Rajshahi   15/10/2009 Dhaka, Ahosamia Mission Book Dist: House 859.95   620.112 SHE 2007 20/03/2017 C-3 Books